| 000 | 00537nam a22001697a 4500 | ||
|---|---|---|---|
| 005 | 20250917141838.0 | ||
| 008 | 250917b |||||||| |||| 00| 0 eng d | ||
| 020 | _a9788183768832 | ||
| 082 | _aDC 174.9097 Ar44 2025 | ||
| 100 |
_aAris, Smith. _967638 |
||
| 245 |
_aAccountability and ethics of journalism / _cSmith Aris. |
||
| 260 |
_aIndia : _bABD Publishers, _c©2025. |
||
| 300 |
_avii, 288 pages : _billustrations ; _c24 cm. |
||
| 500 | _aIncludes bibliography and index. | ||
| 650 | 0 |
_aJournalistic ethics. _967682 |
|
| 942 |
_2ddc _cDC |
||
| 999 |
_c23808 _d23808 |
||